Pictures, painters and you.

Bibliographic Details
Main Author: Bethers, Ray, 1902-
Format: Book
Language:English
Published: New York : Pitman Pub. Corp., [1948]
Subjects:

MARC

Tag First Indicator Second Indicator Subfields
LEADER 00000cam a2200000 4500
001 in00000187021
005 20151009053747.0
008 730926s1948 nyua b 00000 eng
010 |a  48010532  
035 |a (OCoLC)00700015 
035 |9 AAW5692AM 
040 |c MIA  |d TXA  |d UtOrBLW 
049 |a TXAM  |c 1 [163039]  |c 2 [259390] 
050 0 |a ND1143  |b .B47 
082 0 |a 759 
100 1 |a Bethers, Ray,  |d 1902- 
245 1 0 |a Pictures, painters and you. 
264 1 |a New York :  |b Pitman Pub. Corp.,  |c [1948] 
300 |a ix, 277 pages :  |b illustrations ;  |c 23 cm. 
336 |a text  |b txt  |2 rdacontent 
337 |a unmediated  |b n  |2 rdamedia 
338 |a volume  |b nc  |2 rdacarrier 
504 |a Bibliography: page 270. 
650 0 |a Painting  |x Study and teaching. 
650 0 |a Painting. 
999 |a MARS 
999 f f |s c58a4f95-906c-39b0-befa-37de6bb126a1  |i 5a44fb4e-989b-39ff-8d7c-5ec8d4818e81  |t 0 
952 f f |p storage  |a Texas A&M University  |b J.J. Pickle Campus  |c High Density Repository  |d Remote Storage  |t 0  |e ND1143 .B47  |h Library of Congress classification  |i unmediated -- volume  |m A14803487088 
952 f f |p normal  |a Texas A&M University  |b College Station  |c Sterling C. Evans Library  |d Evans: Library Stacks  |t 0  |e ND1143 .B47  |h Library of Congress classification  |i unmediated -- volume  |m A14803487096 
998 f f |a ND1143 .B47  |t 0  |l Evans: Library Stacks 
998 f f |a ND1143 .B47  |t 0  |l Remote Storage